00384nam a22001337a 45000050016000000200023000160350013000390370013000521000015000652450078000802600050001583000023002087000019002312012041708238.0 a8170541034c180.00 aA-389432 aDPLbENG aDharam Vir aTribal women changing spectrum in India /cby Dharam Vir and Manju Manral aNew DelhibClassical Publishing Companyc1990 axv, 195p.c20 cms. aManral, Manju